| 000 | 00752cab a2200229 4500 | ||
|---|---|---|---|
| 001 | WB3011-20 | ||
| 008 | 090401t1994 xxu||||| |||| 00| 0 eng d | ||
| 035 | _a(Sirsi) u4626 | ||
| 041 | _aeng | ||
| 245 | _aRights to light | ||
| 260 | _c1994 | ||
| 350 | _a0 | ||
| 490 |
_aEstates Gazette _v(9410) 12 March 1994, 105(1) |
||
| 520 | _a"Deakins v Hookings" examined the rules employed for establishing infringement of a right to light, such as the 50/50 and 45 degree rules, before granting judgment in favour of the plaintiff. | ||
| 650 | _aCOLLS V HOME & COLONIAL STORES 1904 | ||
| 650 | _aDAYLIGHT | ||
| 650 | _aEASEMENTS | ||
| 650 | _aRIGHTS TO LIGHT | ||
| 690 | _aHIGHWAYS RIGHTS OF WAY AND EASEMENTS | ||
| 942 | _n0 | ||
| 948 | _c04/03/1997 | ||
| 999 |
_c2802 _d2802 |
||